Estudios de derecho romano: homenaje al profesor don Carlos Sánchez del Río y Peguero
Saved in:
| Format: | Book |
|---|---|
| Language: | English Spanish Italian |
| Published: |
Zaragoza
Facultad de Derecho. Universidad de Zaragoza
1967
|
| Subjects: | |
| Tags: |
Add Tag
No Tags, Be the first to tag this record!
|
MARC
| LEADER | 00000nam a2200000 a 4500 | ||
|---|---|---|---|
| 001 | UCR3546 | ||
| 003 | CL-VaPUC | ||
| 008 | 980128e19670000SP |||||||||||||||||eng|d | ||
| 041 | 0 | 7 | |a eng |2 CL-VaPUC |
| 041 | 0 | 7 | |a spa |2 CL-VaPUC |
| 041 | 0 | 7 | |a ita |2 CL-VaPUC |
| 082 | 0 | 4 | |a 340.54 |b EST |2 21 |
| 245 | 1 | 0 | |a Estudios de derecho romano: homenaje al profesor don Carlos Sánchez del Río y Peguero |
| 300 | |a 391 p | ||
| 942 | |c BK | ||
| 945 | |d 19980128 00:00:00 |a cmena | ||
| 260 | |a Zaragoza |b Facultad de Derecho. Universidad de Zaragoza |c 1967 | ||
| 600 | 0 | |a Cicerón, Marco Tulio |e autor |9 255203 | |
| 650 | 0 | |a Derecho romano |9 255930 | |
| 650 | 0 | |a Filosofía del derecho |9 255050 | |
| 650 | 0 | |a Teoría del derecho |9 255982 | |
| 650 | 0 | |a Derecho internacional |9 255637 | |
| 650 | 0 | |a Familias |9 255641 | |
| 650 | 7 | |a SERVIDUMBRES |2 CL-VaPUC |9 256762 | |
| 650 | 0 | |a Bienes |9 255749 | |
| 650 | 0 | |a Delitos |9 224143 | |
| 650 | 0 | |a Derecho sucesorio |9 255015 | |
| 650 | 7 | |a DERECHO PENAL |2 CL-VaPUC |9 11 | |
| 650 | 0 | |a Dogmática jurídica |9 337910 | |
| 583 | |a last modification |c 19980128 00:00:00 |k Rodrigo Vera | ||
| 999 | |c 266605 |d 266603 | ||
| 952 | |0 0 |1 0 |4 0 |6 340_540000000000000_EST_1967 |7 0 |8 DER_ROM |9 298361 |a BIBDER |b BIBDER |d 2019-11-20 |i 1950169 |o 340.54 EST 1967 |p 1950169 |r 2023-01-25 |w 2019-11-20 |x Ubicación 4to piso |y BK |z Este recurso debe solicitarse con anticipación |k DER | ||